00409cam a2200169ua 450000100060000000800390000602000180004504000090006304100080007208200130008010000260009324500440011925000120016326000340017530000100020965300200021910229171023n ii |||gr||||Z||||||asm a9789381784525 cMAIN aasm a891.4511 aNath, Dipen,eAuthor. aAsamiya kabitar adhyayancBy Dipen Nath a5th ed. aJorhat:bBidya bhawan,c2017. a190p. aAssamese poetry